|
|
|
|
| LEADER |
00000naa2a2200000 4500 |
| 001 |
147329 |
| 005 |
20231031145012.0 |
| 035 |
|
|
|a (RuTPU)RU\TPU\book\159685
|
| 090 |
|
|
|a 147329
|
| 100 |
|
|
|a 20081112d2003 k y0rusy50 ca
|
| 101 |
0 |
|
|a rus
|
| 102 |
|
|
|a RU
|
| 200 |
1 |
|
|a Образ сакуры в традиционном представлении японцев
|f Л. А. Андронова
|
| 320 |
|
|
|a Библиогр.: с. 140
|
| 463 |
|
0 |
|0 (RuTPU)RU\TPU\book\66854
|y 5-94154-027-2
|t Межэтнический и межконфессиональный диалог в российском обществе: проблемы толерантности
|o материалы межрегиональной научно-практической конференции
|f Администрация Томской области; Томский политехнический университет
|v С. 138-140
|d 2003
|p 181 с.
|
| 610 |
1 |
|
|a Япония
|
| 610 |
1 |
|
|a японцы
|
| 610 |
1 |
|
|a сакура
|
| 610 |
1 |
|
|a обряды
|
| 610 |
1 |
|
|a земледельческие обряды
|
| 610 |
1 |
|
|a культ природы
|
| 610 |
1 |
|
|a природа
|
| 610 |
1 |
|
|a праздники
|
| 610 |
1 |
|
|a традиции
|
| 610 |
1 |
|
|a труды учёных ТПУ
|
| 700 |
|
1 |
|a Андронова
|b Л. А.
|c историк
|c доцент Томского политехнического университета, кандидат исторических наук
|f 1985-
|g Лариса Александровна
|2 stltpush
|3 (RuTPU)RU\TPU\pers\33384
|
| 801 |
|
1 |
|a RU
|b 63413507
|c 20081112
|g PSBO
|
| 801 |
|
2 |
|a RU
|b 63413507
|c 20161024
|g RCR
|
| 942 |
|
|
|c BK
|